LIBRARY & INFORMATION CENTRE, KCAET, TAVANUR

ONLINE PUBLIC ACCESS CATALOGUE (OPAC)

Integrated pest management in palms / (Record no. 9091)

MARC details
000 -LEADER
fixed length control field 00492cam a2200193ua 4500
041 ## - LANGUAGE CODE
Language code of text/sound track or separate title eng
082 ## - DEWEY DECIMAL CLASSIFICATION NUMBER
Classification number 632.9
Item number NAI/IN
100 ## - MAIN ENTRY--AUTHOR NAME
Personal name Nair, C.P.R .
245 ## - TITLE STATEMENT
Title Integrated pest management in palms /
260 ## - PUBLICATION, DISTRIBUTION, ETC. (IMPRINT)
Place of publication Kerala :
Name of publisher Coconut Development Board ,
Year of publication 1997.
300 ## - PHYSICAL DESCRIPTION
Number of Pages 30 ; .
700 1# - ADDED ENTRY--PERSONAL NAME
Personal name Mariamma, Daniel .
700 1# - ADDED ENTRY--PERSONAL NAME
Personal name Ponnamma, K.N .
942 ## - ADDED ENTRY ELEMENTS (KOHA)
Koha item type Books
Holdings
Withdrawn status Lost status Damaged status Home library Current library Date acquired Full call number Accession Number Koha item type
      KAUAET KAUAET 07/04/2012 632.9 19814 Books
free website counter